00824nam a2200229 a 450000100100000000500170001000800410002702000150006804000250008308200270010810000300013524500870016525000120025226000370026430000270030149000410032850400250036960000480039465000540044265100590049683000390055500000453820240302073949.0090723s2006 dr a 000 0 spa d a9993410403 aDO-SdBNPbspacBNPHU a923.27293bN964C, 20061 aCassá, Roberto, d1948-10aJosé Núñez de Cáceres :bprecursor de la independencia /cRoberto Cassá. a2a. ed. aSanto Domingo :bTobogan,c2006. a49 p. :bil. ;c21 cm.1 aBiografías dominicanas Tobogán ; aBibliografía p: 4910aNúñez de Cáceres, José, d1772-1846 4aPolíticoszRepública DominicanavBIOGRAFÍAS 4aRepública DominicanaxHistoriayOCUPACIÓN HAITIANA 0aBiografías Dominicanas Tobogán